Quiz Cultura Generale - Quiz n°93 - Statistics

Statistiche generali
  • Questo quiz è stato fatto 142 volte
  • Il punteggio medio è 12 su 15
Statistiche sulle risposte
Domanda Risposta % Corretto
Quale lettera corrisponde al numero romano 50? L
96%
Quanti numeri primi ci sono tra 1 e 10 (estremi compresi)? 4
95%
Quante coste non sono connesse allo sterno nello scheletro umano? 2
92%
In quale regione italiana si trova Ivrea? Piemonte
88%
Quale testo sacro è diviso in 114 sure? Corano
86%
Qual è la terza persona singolare del passato remoto del verbo "scegliere"? Lui/Lei scelse
86%
In quale mese avviene l'equinozio d'autunno (nell'emisfero boreale)? Settembre
86%
A quale città si contrappose Atene nella guerra del Peloponneso (431 a.C. - 404 a.C.)? Sparta
86%
Oltre al blu ed al bianco, quale altro colore è presente nella bandiera estone? Nero
84%
Le isole Fær Øer sono una nazione costitutiva di quale regno europeo? Regno di Danimarca
83%
Quanti denti premolari sono presenti nella denatura definitiva di un uomo adulto? 8
82%
Chi scrisse la tragedia di Otello? William Shakespeare
79%
In quale romanzo di Giovanni Verga si trova la figura di Padron 'Ntoni? I Malavoglia
73%
Quanto vale il 40% di 300? 120
72%
Qual è la capitale dello stato federale tedesco della Sassonia? Dresda
18%
Nessun quiz corrispondente trovato
Distribuzione punteggi
Percentuale di utenti per punteggio
Percentile per numero di risposta
I tuoi punteggi nel tempo
Non hai fatto questo quiz